| Поле | Инд. | ПП | Название | Значение |
|---|---|---|---|---|
| Тип записи | a | |||
| Библиографический уровень | m | |||
| 001 | Контрольный номер | f6d23169-88c5-4e2f-b128-a26a094af2a3 | ||
| 005 | Дата корректировки | 20221118143728.2 | ||
| 008 | Кодируемые данные | 20010206s?a aznnnabbn zn aan | ||
| 020 | a | ISBN | 5-278-00189-5 | |
| c | Цена, тираж | 0.40 | ||
| 040 | a | Служба первич. каталог. | RU-RKP | |
| a | Служба первич. каталог. | НБ ТвГУ | ||
| 041 | 0_ | a | Код языка текста | rus |
| 080 | a | Индекс УДК | 797.2 | |
| 084 | a | Индекс другой классификации/Индекс ББК | 75.717.5 | |
| 090 | x | Авторский знак | М15 | |
| a | Полочн. индекс | 7А5.1 | ||
| 092 | a | 77.01 | ||
| 100 | 1_ | a | Автор | Макаренко Леонид Прокофьевич |
| e | Роль лиц | Автор | ||
| 245 | 00 | a | Заглавие | Плавайте на здоровье... |
| c | Ответственность | Л. П. Макаренко | ||
| 260 | 0_ | a | Место издания | Москва |
| b | Издательство | Физкультура и спорт | ||
| c | Дата издания | 1988 | ||
| 300 | a | Объем | 80 с. | |
| b | Иллюстрации/ тип воспроизводства | ил. | ||
| c | Размеры | 20 см | ||
| 852 | 41 | t | Порядковый номер экземпляра | 2 |
| p | Инвентарный номер | 589101 | ||
| p | Инвентарный номер | 589102 | ||
| 999 | a | Подразделение 2 | кх. |